BIBLIOTHÈQUE DE LA MAISON DU MEXIQUE

Logo 1 Logo 2

El viejo Burke y el nuevo liberalismo (notice nᵒ 1171)

détails MARC
000 -Sello discográfico
campo de control de longitud fija 01063nam a2200301 4500
005 - Identificación de versión
campo de control 20251104210523.0
010 ## - Número Estándar Internacional de Libros (ISBN)
Número (ISBN) 968-36-4018-4
035 ## - Otros números de control del sistema
Número de control del sistema 20396
099 ## - fechas locales
Tipo de ítem Koha LIBRO
100 ## - Datos de procesamiento general
Datos de procesamiento general 19961003d1994 m y1spay5003 ba
101 ## - Idioma del recurso
Idioma del texto, banda sonora, etc. Español; Castellano
105 ## - Campo de datos codificados: Material textual, monográfico
Datos codificados de monografía y 001zy
200 1# - Título y mención de responsabilidad
Título propio El viejo Burke y el nuevo liberalismo
Designación general del material texto impreso
Primer mención de responsabilidad Guillermo Floris Margadant S
205 ## - Declaración de edición
Declaración de edición 1a ed
210 ## - Publicación, distribución, etc.
Lugar de publicación, distribución, etc. México
Nombre del editor, distribuidor, etc. Universidad Nacional Autónoma de México, Instituto de Investigaciones Jurídicas
-- Universidad Autónoma de Tlaxcala
Fecha de publicación, distribución, etc. 1994
215 ## - Descripción física
Designación de material específico y extensión del ítem 159 p
Dimensiones 23 cm
345 ## - Nota de información de adquisición
Fuente de adquisición/dirección de la suscripción [OBSOLETO] Donación de la UNAM
410 #1 - Series
Título Serie C : Estudios Históricos
Número de volumen 44
600 ## - Nombre personal usado como materia
Elemento de entrada Burke
Parte del nombre distinta del elemento de entrada Edmund
Fechas 1729-1797
Número Koha 3071
606 ## - Término temático usado como materia
Elemento de entrada Liberalismo
Subdivisión temática Alocuciones, ensayos y conferencias
Número Koha 3072
660 ## - Código de área geográfica
Código MX
700 ## - Nombre personal - Responsabilidad primaria
Elemento de entrada Margadant Spanjaerdt
Parte del nombre distinta del elemento de entrada Guillermo Floris
Fechas 1924-2002
Número Koha 2477
801 #0 - Fuente de origen
País FR
Agencia cm
Reglas de catalogación (convenciones descriptivas) AFNOR
856 ## - Localización electrónica y acceso
Identificador Uniforme de Recurso https://biblio.juridicas.unam.mx/bjv/detalle-libro/202-el-viejo-burke-y-el-nuevo-liberalismo
942 ## - ELEMENTOS DE ENTRADA SECUNDARIOS (KOHA)
Tipo de ítem Koha Livre
Exemplaires
Estatus retirado Estado de daño Estado de pérdida Fecha de adquisición Biblioteca de origen Biblioteca actual Ubicación en estantería Código de barras Precio de reemplazo Signatura topográfica completa No para préstamo Tipo de ítem Koha Nota pública Nota no pública
      05/08/2025 Casa México Paris Casa México Paris   005186 05/08/2025 320.94 F639V   Livre 20210719LIV 751145101